| 000 | 00885nam a2200253Ia 4500 | ||
|---|---|---|---|
| 003 | OSt | ||
| 005 | 20220923215552.0 | ||
| 006 | a|||||r|||| 00| 0 | ||
| 007 | ta | ||
| 008 | 220922b |||||||| |||| 00| 0 hin d | ||
| 024 | _a179,884 | ||
| 037 | _cTextual | ||
| 040 |
_aARTS _cARTS _bhin |
||
| 041 |
_2hin _ahin |
||
| 082 | _aO152,1J32,11:g, L8 | ||
| 100 | _aशास्त्री, जानकी वल्लभ, संपा. | ||
| 245 | 0 | _aमानस चिन्तन | |
| 246 | _aMānas chintana | ||
| 260 |
_aप्रयाग _b हिन्दी साहित्य सम्मेलन _c1978 |
||
| 300 |
_a162 i`-0 _ccm. |
||
| 650 |
_aहिन्दी साहित्य _9156264 |
||
| 942 |
_hO152,1J32,11:g, L8 _cTEXL _2CC |
||
| 999 |
_c333265 _d333265 |
||